[Event "TV2 Fagernes International 2018"]
[Site "Scandic Hotel Fagernes"]
[Date "2018.03.25"]
[Round "3"]
[White "Sidali, Elias Hulleberg"]
[Black "Narva, Regina"]
[Result "1-0"]
[WhiteElo "1840"]
[BlackElo "1939"]
[PlyCount "173"]
[EventDate "2018.??.??"]

1. d4 Nf6 2. Bf4 d5 3. e3 e6 4. Nf3 c5 5. c3 Qb6 6. Qc2 Nc6 7. Nbd2 Be7 8. h3
h6 9. Be2 Bd7 10. O-O g5 11. Be5 O-O-O 12. dxc5 Qxc5 13. b4 Nxb4 14. cxb4 Qxc2
15. Rac1 Qxc1 16. Rxc1+ Bc6 17. b5 Rhg8 18. bxc6 bxc6 19. Rxc6+ Kd7 20. Bb5 Rc8
21. Rd6+ Kc7 22. Rxe6+ Kd8 23. Rxf6 Bxf6 24. Bxf6+ Kc7 25. Bd3 Kb6 26. Bd4+ Kb7
27. Nb3 Rc7 28. Na5+ Kc8 29. Nb3 Kb7 30. Nc5+ Kc8 31. Ba6+ Kd8 32. Bf6+ Ke8 33.
Bb5+ Kf8 34. Nd7+ Ke8 35. Nb6+ Kf8 36. Nxd5 Rc1+ 37. Kh2 Rc2 38. Ne7 Rxa2 39.
Nxg8 Kxg8 40. Bd4 a5 41. Kg3 a4 42. Bc4 Rc2 43. Bd5 Kf8 44. Ne5 f5 45. Nd7+ Ke7
46. Nb6 a3 47. Bb3 Rd2 48. Nc4 Rd3 49. Bc2 Rxd4 50. Nxa3 Rd5 51. Nc4 Rc5 52.
Bd3 Kf6 53. Nb6 Ke7 54. Nc4 Kf6 55. f4 Rd5 56. Be2 Rc5 57. Ne5 Rc3 58. Kf2 Ra3
59. Bd3 h5 60. Be2 g4 61. hxg4 hxg4 62. Nxg4+ fxg4 63. Bxg4 Rc3 64. Be2 Kf5 65.
Kf3 Ra3 66. g4+ Kf6 67. Bc4 Rc3 68. Bd5 Ra3 69. g5+ Kg6 70. Be4+ Kh5 71. g6 Kh6
72. f5 Kg7 73. Kf4 Kf6 74. Bf3 Ra4+ 75. e4 Rb4 76. Kg4 Ra4 77. Kh5 Ra3 78. Kg4
Ra4 79. Kg3 Ra3 80. e5+ Kg7 81. Kf4 Ra5 82. Be4 Rb5 83. f6+ Kf8 84. Kf5 Ra5 85.
Bc6 Rc5 86. Bd7 Rc7 87. g7+
1-0

[Event "TV2 Fagernes International 2018"]
[Site "Scandic Hotel Fagernes"]
[Date "2018.03.25"]
[Round "3"]
[White "Ukkelberg, Øyvind"]
[Black "Melkevik, Johannes"]
[Result "1/2-1/2"]
[WhiteElo "1939"]
[BlackElo "1865"]
[PlyCount "43"]
[EventDate "2018.??.??"]

1. d4 f5 2. e4 fxe4 3. Nc3 Nf6 4. Bg5 g6 5. f3 d5 6. Qd2 Nc6 7. O-O-O Bg7 8.
Bh6 O-O 9. Bxg7 Kxg7 10. fxe4 dxe4 11. d5 Ne5 12. Qd4 Neg4 13. Nh3 Bf5 14. Bc4
e5 15. dxe6 Qxd4 16. Rxd4 Rae8 17. Nf4 Ne3 18. Bb3 g5 19. Nfd5 Nexd5 20. Nxd5
Rxe6 21. Nxc7 Re5 22. Rf1
1/2-1/2

[Event "TV2 Fagernes International 2018"]
[Site "Scandic Hotel Fagernes"]
[Date "2018.03.25"]
[Round "3"]
[White "Sørensen, Simen"]
[Black "Filen, Hannu"]
[Result "1-0"]
[WhiteElo "1821"]
[BlackElo "1930"]
[PlyCount "59"]
[EventDate "2018.??.??"]

1. e4 e5 2. Nf3 Nc6 3. Bc4 Nf6 4. d3 Be7 5. O-O d6 6. c3 Be6 7. Bxe6 fxe6 8.
Qb3 Qd7 9. Qxb7 O-O 10. Qb3 Nh5 11. Be3 Nf4 12. Bxf4 Rxf4 13. Nbd2 Raf8 14. d4
g5 15. dxe5 dxe5 16. Rad1 Bc5 17. Qb5 Bxf2+ 18. Rxf2 g4 19. Qe2 Qg7 20. Rdf1
gxf3 21. Rxf3 Kh8 22. Qe3 Qg4 23. g3 Ne7 24. Rxf4 exf4 25. Rxf4 Qd1+ 26. Nf1
Rd8 27. Rf7 Qh5 28. Rxe7 Rd1 29. Qf2 Rxf1+ 30. Kxf1
1-0

[Event "TV2 Fagernes International 2018"]
[Site "Scandic Hotel Fagernes"]
[Date "2018.03.25"]
[Round "3"]
[White "Bernstein, Jonas August"]
[Black "Shehzad, Shazil"]
[Result "0-1"]
[WhiteElo "1637"]
[BlackElo "1912"]
[PlyCount "100"]
[EventDate "2018.??.??"]

1. d4 Nf6 2. Nf3 g6 3. c4 c5 4. Nc3 cxd4 5. Nxd4 Nc6 6. e4 Nxd4 7. Qxd4 d6 8.
Be2 Bg7 9. O-O O-O 10. Qd1 Be6 11. f3 Rc8 12. Nd5 Nd7 13. Rb1 f5 14. Bg5 Rf7
15. Qd2 Bxd5 16. exd5 a6 17. Kh1 Ne5 18. b3 Qc7 19. Rfe1 Bf6 20. Bh6 b6 21. Bf1
Qb7 22. Rec1 Nd7 23. Be2 Bg7 24. Bg5 Ne5 25. Bf1 Rff8 26. f4 Nf7 27. Bh4 Nd8
28. Re1 Bf6 29. Bf2 b5 30. Qa5 b4 31. Qb6 Qxb6 32. Bxb6 Nb7 33. Bd3 a5 34. Bf2
Ra8 35. Bc2 Rfc8 36. Rec1 a4 37. Be3 axb3 38. Bxb3 Na5 39. Bd2 Nxb3 40. axb3
Rcb8 41. g3 Ra2 42. Be3 Bc3 43. Rd1 Rba8 44. Bb6 Re2 45. Rf1 Raa2 46. Bg1 Kf7
47. Rfd1 h5 48. Rf1 Kg7 49. Rfd1 Kh6 50. Rf1 Bd4
0-1

[Event "TV2 Fagernes International 2018"]
[Site "Scandic Hotel Fagernes"]
[Date "2018.03.25"]
[Round "3"]
[White "Ranby, Hans"]
[Black "Gaure, Sigurd Lauvas"]
[Result "1/2-1/2"]
[WhiteElo "1902"]
[BlackElo "1552"]
[PlyCount "83"]
[EventDate "2018.??.??"]

1. c4 Nf6 2. Nc3 g6 3. Nf3 d5 4. cxd5 Nxd5 5. g3 Bg7 6. Bg2 O-O 7. O-O Nc6 8.
d4 e6 9. Nxd5 exd5 10. Bf4 Be6 11. Rc1 Rc8 12. Qd2 Re8 13. a3 Qd7 14. Rfd1 Bg4
15. Be3 Re7 16. b4 b6 17. Rc3 Nd8 18. Rdc1 Ne6 19. h3 Bxf3 20. Bxf3 c5 21. bxc5
bxc5 22. Kg2 Rce8 23. R3c2 c4 24. Qa5 Nxd4 25. Bxd4 Bxd4 26. Qxd5 Qxd5 27. Bxd5
Rxe2 28. Bxc4 Rxc2 29. Rxc2 Re5 30. a4 Rc5 31. Bb3 Rxc2 32. Bxc2 a5 33. f4 f6
34. Kf3 Kg7 35. g4 h6 36. Ke4 Bc3 37. Kd5 h5 38. Ke6 hxg4 39. hxg4 g5 40. fxg5
fxg5 41. Kf5 Bd2 42. Be4
1/2-1/2

[Event "TV2 Fagernes International 2018"]
[Site "Scandic Hotel Fagernes"]
[Date "2018.03.25"]
[Round "3"]
[White "Gundersen, Ingvar"]
[Black "Hestvik, Elias"]
[Result "1-0"]
[WhiteElo "1888"]
[BlackElo "1572"]
[PlyCount "33"]
[EventDate "2018.??.??"]

1. d4 d5 2. e4 e6 3. Nc3 Nf6 4. Bg5 Be7 5. e5 Nfd7 6. h4 a6 7. Qg4 g6 8. Bxe7
Qxe7 9. h5 f5 10. Qg3 g5 11. h6 c5 12. O-O-O c4 13. Nh3 Rg8 14. Nf4 b5 15.
Nfxd5 Qd8 16. Nf4 Qc7 17. Nxe6
1-0

[Event "TV2 Fagernes International 2018"]
[Site "Scandic Hotel Fagernes"]
[Date "2018.03.25"]
[Round "3"]
[White "Wright, Haakon"]
[Black "Fuglestein, Sander"]
[Result "1-0"]
[WhiteElo "1798"]
[BlackElo "1886"]
[PlyCount "81"]
[EventDate "2018.??.??"]

1. d4 Nf6 2. Bf4 g6 3. Nc3 d5 4. e3 Bg7 5. Nf3 O-O 6. Be2 a6 7. Ne5 Nbd7 8. g4
e6 9. h4 Nxe5 10. Bxe5 Nd7 11. Bxg7 Kxg7 12. f4 b5 13. Qd2 Bb7 14. h5 Nf6 15.
g5 Ne4 16. Nxe4 dxe4 17. O-O-O Qd5 18. Kb1 Qd7 19. Qc3 Bd5 20. Rh2 Qe7 21. Rdh1
Rh8 22. Qe1 b4 23. Qh4 Kg8 24. hxg6 fxg6 25. Qe1 c5 26. c4 bxc3 27. Qxc3 cxd4
28. Qxd4 Rd8 29. Qc3 Qg7 30. Rc1 Qxc3 31. Rxc3 Rd7 32. a3 Kg7 33. Bxa6 Rb8 34.
Rhc2 Rb3 35. Rc7 Rxc7 36. Rxc7+ Kg8 37. Rc3 Rxc3 38. bxc3 h5 39. gxh6 Kh7 40.
c4 Bc6 41. Bb5
1-0

[Event "TV2 Fagernes International 2018"]
[Site "Scandic Hotel Fagernes"]
[Date "2018.03.25"]
[Round "3"]
[White "Rolstad, Morten"]
[Black "Sola, Roar"]
[Result "0-1"]
[WhiteElo "1850"]
[BlackElo "1378"]
[PlyCount "124"]
[EventDate "2018.??.??"]

1. e4 c5 2. Nf3 d6 3. Bb5+ Bd7 4. Bxd7+ Qxd7 5. c4 Nc6 6. d4 cxd4 7. Nxd4 Nf6
8. Nc3 e6 9. b3 Be7 10. Bb2 O-O 11. O-O Rfd8 12. f3 Rac8 13. Kh1 d5 14. Nxc6
bxc6 15. cxd5 cxd5 16. e5 Ne8 17. Ne2 Rc7 18. Qd2 Rdc8 19. Rac1 Rxc1 20. Rxc1
Rxc1+ 21. Qxc1 Qb5 22. Qc2 g6 23. h3 Nc7 24. Bd4 Qb7 25. Nc3 h5 26. Qd3 Bg5 27.
g3 Bh6 28. Kg2 a6 29. Na4 Bg7 30. f4 Nb5 31. Nc5 Qc6 32. a4 Nxd4 33. Qxd4 Bf8
34. b4 a5 35. Nd3 Qxa4 36. Nc5 Qxb4 37. Qxb4 axb4 38. Nb3 Be7 39. Kf3 Kf8 40.
Ke3 Bd8 41. Kd3 Bb6 42. g4 Ke7 43. Nc1 Kd7 44. Kc2 Kc6 45. Nd3 Kb5 46. gxh5
gxh5 47. f5 Kc4 48. fxe6 fxe6 49. Nf4 Kd4 50. Nxe6+ Kxe5 51. Ng7 h4 52. Kd3 Bd4
53. Ne8 Bc3 54. Nc7 d4 55. Kc2 Ke4 56. Ne6 d3+ 57. Kd1 d2 58. Ke2 Kd5 59. Nf4+
Kc4 60. Ng2 Kb3 61. Nxh4 Kc2 62. Ng2 d1=Q+
0-1

[Event "TV2 Fagernes International 2018"]
[Site "Scandic Hotel Fagernes"]
[Date "2018.03.25"]
[Round "3"]
[White "Stai, Sondre"]
[Black "Mikelsen, Mattis"]
[Result "1/2-1/2"]
[WhiteElo "1636"]
[BlackElo "1849"]
[PlyCount "55"]
[EventDate "2018.??.??"]

1. d4 Nf6 2. c4 e6 3. Nf3 b6 4. g3 Ba6 5. b3 Bb4+ 6. Bd2 Be7 7. Bg2 Bb7 8. O-O
c5 9. Bc3 cxd4 10. Nxd4 Bxg2 11. Kxg2 Nc6 12. Nd2 Nxd4 13. Bxd4 d5 14. cxd5
Qxd5+ 15. Nf3 Rd8 16. Bxf6 Bxf6 17. Qxd5 Rxd5 18. Rad1 Rxd1 19. Rxd1 Ke7 20.
Rc1 Rd8 21. Rc7+ Rd7 22. Rc8 g6 23. e4 e5 24. Rc6 Rd6 25. Rc7+ Rd7 26. Rc6 Rd6
27. Rc7+ Rd7 28. Rc6
1/2-1/2

[Event "TV2 Fagernes International 2018"]
[Site "Scandic Hotel Fagernes"]
[Date "2018.03.25"]
[Round "3"]
[White "Gjære, Vidar"]
[Black "Tocklin, Tomi"]
[Result "0-1"]
[WhiteElo "1623"]
[BlackElo "1844"]
[PlyCount "77"]
[EventDate "2018.??.??"]

1. d4 Nf6 2. Bf4 c5 3. d5 d6 4. Nc3 g6 5. e4 Bg7 6. Be2 Na6 7. Bb5+ Bd7 8.
Bxd7+ Qxd7 9. Nge2 O-O 10. O-O b5 11. Ng3 b4 12. Nce2 Nc7 13. c3 a5 14. a3 h5
15. Bg5 Rfb8 16. Bxf6 Bxf6 17. f4 h4 18. Nh1 bxa3 19. bxa3 Rb2 20. Rb1 Rab8 21.
Qd3 c4 22. Rxb2 cxd3 23. Rxb8+ Kg7 24. Nd4 Bxd4+ 25. cxd4 Qa4 26. Nf2 Qxd4 27.
Rd1 Qe3 28. Rb3 Qxf4 29. Rdxd3 Na6 30. g3 hxg3 31. hxg3 Qc1+ 32. Rd1 Qc2 33.
Re3 Nc5 34. Rde1 a4 35. e5 Qa2 36. exd6 exd6 37. Rd1 Nb3 38. Ne4 Qxa3 39. Nxd6
0-1

[Event "TV2 Fagernes International 2018"]
[Site "Scandic Hotel Fagernes"]
[Date "2018.03.25"]
[Round "3"]
[White "Wærstad, Leif E"]
[Black "Hoel, Mathias"]
[Result "0-1"]
[WhiteElo "1585"]
[BlackElo "1842"]
[PlyCount "64"]
[EventDate "2018.??.??"]

1. d4 Nf6 2. Nf3 d5 3. g3 e6 4. Bg2 Be7 5. c4 O-O 6. cxd5 exd5 7. O-O c6 8. Nc3
Nbd7 9. Qc2 Re8 10. a3 Nf8 11. Re1 Bg4 12. Ne5 Be6 13. Bg5 Qc8 14. Rac1 Bh3 15.
Bh1 Ne6 16. Nf3 Nxg5 17. Nxg5 Bf5 18. e4 Bg6 19. Qb3 h6 20. e5 hxg5 21. exf6
Bxf6 22. Ne2 Qd7 23. Bg2 Re7 24. Qc3 Rae8 25. Kf1 Bh5 26. Ng1 Qf5 27. Rxe7 Rxe7
28. Nf3 Bxf3 29. Bxf3 Bxd4 30. Qxd4 Qxf3 31. Kg1 b6 32. Qd2 Re2
0-1

[Event "TV2 Fagernes International 2018"]
[Site "Scandic Hotel Fagernes"]
[Date "2018.03.25"]
[Round "3"]
[White "Nordquelle, Pål"]
[Black "Knutsen, Øystein"]
[Result "0-1"]
[WhiteElo "1558"]
[BlackElo "1815"]
[PlyCount "62"]
[EventDate "2018.??.??"]

1. c4 c6 2. e4 e5 3. d4 d6 4. Nc3 exd4 5. Qxd4 Nf6 6. f4 Be7 7. Nf3 O-O 8. Be2
Qb6 9. Qxb6 axb6 10. O-O Na6 11. h3 Nc5 12. Nd2 Re8 13. e5 dxe5 14. fxe5 Nfd7
15. Nf3 Nb3 16. Rb1 Nxc1 17. Rbxc1 Nxe5 18. a3 Nxf3+ 19. Rxf3 Be6 20. Ne4 Rad8
21. Rcc3 Rd4 22. Bd3 c5 23. g4 Bd7 24. Re3 Bc6 25. Bc2 Bh4 26. Ng3 g6 27. Rxe8+
Bxe8 28. b3 Bc6 29. Nf1 Rf4 30. Ng3 Bf6 31. Rd3 Bd4+
0-1

[Event "TV2 Fagernes International 2018"]
[Site "Scandic Hotel Fagernes"]
[Date "2018.03.25"]
[Round "3"]
[White "Helgøy, Håkon Hembre"]
[Black "Aarnes, Eirik"]
[Result "1/2-1/2"]
[WhiteElo "1483"]
[BlackElo "1785"]
[PlyCount "111"]
[EventDate "2018.??.??"]

1. d4 d5 2. Bf4 Nf6 3. e3 c5 4. c3 e6 5. Nd2 Bd6 6. Bg3 Qc7 7. Ngf3 Nbd7 8. Bd3
O-O 9. O-O b6 10. Bxd6 Qxd6 11. Re1 Bb7 12. Bb5 a6 13. Be2 Rfd8 14. Qb3 b5 15.
Qa3 b4 16. Qb3 a5 17. Bb5 Bc6 18. Bxc6 Qxc6 19. cxb4 cxb4 20. Rec1 Qb5 21. a3
Rdc8 22. axb4 axb4 23. Rxa8 Rxa8 24. h3 h6 25. Ne1 Ne8 26. Nd3 Rb8 27. Nf3 f6
28. Nfe1 Nd6 29. Nc2 Ne4 30. Ncxb4 Qb6 31. Qa4 Nf8 32. Rc6 Qb7 33. Qa6 Qe7 34.
Rb6 Qc7 35. Rc6 Qe7 36. Rb6 Qc7 37. Rxb8 Qxb8 38. Qc6 Qa7 39. Nxd5 Qa1+ 40. Kh2
Nd2 41. N5b4 Nf1+ 42. Kg1 Ng3+ 43. Kh2 Ne2 44. h4 Qg1+ 45. Kh3 Qh1+ 46. Kg4 h5+
47. Kf3 Ng1+ 48. Kg3 g5 49. hxg5 fxg5 50. Qe4 Ne2+ 51. Kf3 Qd1 52. Qe5 Nc3+ 53.
Kg3 Ne2+ 54. Kf3 Nc3+ 55. Kg3 Ne2+ 56. Kf3
1/2-1/2

[Event "TV2 Fagernes International 2018"]
[Site "Scandic Hotel Fagernes"]
[Date "2018.03.25"]
[Round "3"]
[White "Smedsrud, Morten S"]
[Black "Mjaaland, Bendik"]
[Result "0-1"]
[WhiteElo "1349"]
[BlackElo "1694"]
[PlyCount "80"]
[EventDate "2018.??.??"]

1. d4 Nf6 2. c4 e6 3. Nf3 b6 4. g3 Ba6 5. b3 Bb7 6. Bg2 Bb4+ 7. Bd2 a5 8. O-O
O-O 9. e3 d6 10. Bc1 a4 11. Bb2 axb3 12. axb3 Rxa1 13. Bxa1 Nbd7 14. Nc3 Ne4
15. Qc2 Ndf6 16. Rd1 Qa8 17. Nxe4 Bxe4 18. Qe2 Qb7 19. Bb2 Ra8 20. Ra1 Rxa1+
21. Bxa1 Qa8 22. Qd1 Qa2 23. d5 e5 24. Ng5 Bc2 25. Qc1 h6 26. Nf3 Bxb3 27. Bf1
Ba3 28. Qe1 Bxc4 29. Bxc4 Qxc4 30. Nh4 Nxd5 31. Nf5 Kf8 32. f4 f6 33. Nh4 Ne7
34. Nf3 Qc1 35. fxe5 fxe5 36. Qxc1 Bxc1 37. Kf2 e4 38. Nd4 Kf7 39. Bc3 Nd5 40.
Ne2 Bxe3+
0-1

[Event "TV2 Fagernes International 2018"]
[Site "Scandic Hotel Fagernes"]
[Date "2018.03.25"]
[Round "3"]
[White "Gjestemoen-Vonhirsch, Andre"]
[Black "Larsen, Per Magnus"]
[Result "1-0"]
[WhiteElo "1691"]
[BlackElo "1357"]
[PlyCount "33"]
[EventDate "2018.??.??"]

1. e4 e6 2. Nf3 d5 3. Nc3 Nf6 4. e5 Nfd7 5. d4 c5 6. dxc5 Bxc5 7. Bd3 Nc6 8.
Bf4 Be7 9. a3 O-O 10. h4 f6 11. exf6 Bxf6 12. Bd6 Rf7 13. Bxh7+ Kxh7 14. Ng5+
Bxg5 15. hxg5+ Kg6 16. Qh5+ Kf5 17. g4#
1-0

[Event "TV2 Fagernes International 2018"]
[Site "Scandic Hotel Fagernes"]
[Date "2018.03.25"]
[Round "3"]
[White "Evenshaug, Amadeus Hestvik"]
[Black "Flatebø, Hallvard Haug"]
[Result "0-1"]
[WhiteElo "1327"]
[BlackElo "1684"]
[PlyCount "50"]
[EventDate "2018.??.??"]

1. e4 c5 2. Nf3 d6 3. d4 cxd4 4. Nxd4 Nf6 5. Nc3 a6 6. Be3 e6 7. Be2 Be7 8. O-O
O-O 9. Re1 b5 10. a3 Bb7 11. Bf3 Nbd7 12. Qe2 Ne5 13. Bg5 Qc7 14. Bxf6 Bxf6 15.
Bg4 Nxg4 16. Nxe6 fxe6 17. Qxg4 Rae8 18. Rad1 Bxc3 19. bxc3 Qc5 20. Qg3 d5 21.
exd5 Bxd5 22. Re5 Rd8 23. Rde1 Rf7 24. h3 Rdf8 25. R5e2 Qc7
0-1

[Event "TV2 Fagernes International 2018"]
[Site "Scandic Hotel Fagernes"]
[Date "2018.03.25"]
[Round "3"]
[White "Nordquelle, Amelia"]
[Black "Skotheim, Håvard"]
[Result "1-0"]
[WhiteElo "1683"]
[BlackElo "1324"]
[PlyCount "93"]
[EventDate "2018.??.??"]

1. d4 Nf6 2. c4 c5 3. d5 b5 4. cxb5 a6 5. e3 d6 6. Nc3 g6 7. Nf3 Bg7 8. bxa6
Bxa6 9. Bxa6 Nxa6 10. O-O O-O 11. Re1 Qb6 12. e4 Ng4 13. a3 c4 14. Qe2 Nb4 15.
h3 Ne5 16. Be3 Nxf3+ 17. Qxf3 Qb7 18. axb4 Qxb4 19. Rxa8 Rxa8 20. Bc1 Be5 21.
Qe3 Kg7 22. f4 Bxc3 23. bxc3 Qa4 24. e5 Qc2 25. Qd4 Kg8 26. exd6 exd6 27. f5
Qxf5 28. Bh6 f6 29. Qe4 Qxe4 30. Rxe4 Kf7 31. Bf4 Ra5 32. Rd4 Ke7 33. Kf2 g5
34. Bh2 h5 35. Ke3 f5 36. Rd2 f4+ 37. Ke4 Kf6 38. g3 Ra3 39. Kd4 fxg3 40. Bxg3
Ke7 41. Kxc4 g4 42. Kb4 Ra1 43. hxg4 hxg4 44. Rd4 Kd7 45. Rxg4 Rg1 46. Rg6 Kc7
47. Bxd6+
1-0

[Event "TV2 Fagernes International 2018"]
[Site "Scandic Hotel Fagernes"]
[Date "2018.03.25"]
[Round "3"]
[White "Strømhaug, Kristoffer Wang"]
[Black "Syse, Knut"]
[Result "0-1"]
[WhiteElo "1472"]
[BlackElo "1671"]
[PlyCount "46"]
[EventDate "2018.??.??"]

1. e4 c6 2. c4 d5 3. cxd5 cxd5 4. exd5 Nf6 5. Qa4+ Nbd7 6. Nc3 g6 7. Nf3 Bg7 8.
g3 O-O 9. Bg2 Nb6 10. Qb3 Nfxd5 11. O-O Be6 12. Ng5 Nxc3 13. Nxe6 Ne2+ 14. Kh1
Nxc1 15. Raxc1 fxe6 16. Qxe6+ Kh8 17. b3 Qxd2 18. Qxe7 Rae8 19. Qxb7 Rxf2 20.
Rc7 Re1 21. Rf7 Rexf1+ 22. Bxf1 Rxh2+ 23. Kg1 Bd4+
0-1

[Event "TV2 Fagernes International 2018"]
[Site "Scandic Hotel Fagernes"]
[Date "2018.03.25"]
[Round "3"]
[White "Leonhardsen, Vebjørn Maanum"]
[Black "Ruud, Christian Holmboe"]
[Result "1-0"]
[WhiteElo "1650"]
[BlackElo "1252"]
[PlyCount "133"]
[EventDate "2018.??.??"]

1. d4 Nf6 2. Nf3 g6 3. Bf4 d6 4. e3 Bg7 5. Be2 O-O 6. h3 Nbd7 7. c3 b6 8. O-O
Bb7 9. Na3 Re8 10. Bh2 Nf8 11. Nc2 a5 12. Re1 Ne6 13. a3 Ne4 14. Bb5 c6 15. Be2
Qd7 16. Nd2 Nxd2 17. Qxd2 c5 18. Qd1 Ng5 19. Rf1 Bh6 20. f3 f5 21. Bc4+ e6 22.
Qe2 Rf8 23. Qd1 b5 24. Be2 c4 25. Bf4 Qe7 26. Bh2 Rad8 27. Qe1 Bg7 28. Rd1 e5
29. dxe5 dxe5 30. Rxd8 Rxd8 31. Qc1 Bh6 32. Rd1 Nf7 33. Rxd8+ Nxd8 34. Qd1 Nf7
35. Bg3 Qc5 36. Bf2 Qc6 37. Qd2 Bg5 38. Qe1 Be7 39. Bh4 g5 40. Bf2 Kg7 41. Qd2
Kg6 42. Qd1 h5 43. Ne1 Bc5 44. Nc2 Qb6 45. Qd7 f4 46. Qd2 Nd6 47. Bd1 e4 48.
exf4 gxf4 49. Bxc5 Qxc5+ 50. Qd4 Qc7 51. fxe4 Nxe4 52. Bf3 Qe7 53. Qb6+ Nd6 54.
Bxb7 Kg5 55. Bf3 a4 56. Qc5+ Kf6 57. Qxh5 Qa7+ 58. Nd4 Qg7 59. Qh4+ Qg5 60.
Qxg5+ Kxg5 61. Bc6 Kh4 62. Bxb5 Kg3 63. Bxa4 Ne4 64. Ne2+ Kh4 65. Bc6 Nd2 66.
Nd4 Kg3 67. a4
1-0

[Event "TV2 Fagernes International 2018"]
[Site "Scandic Hotel Fagernes"]
[Date "2018.03.25"]
[Round "3"]
[White "Skrede, Alexander"]
[Black "Haynes, Noah"]
[Result "0-1"]
[WhiteElo "1242"]
[BlackElo "1648"]
[PlyCount "154"]
[EventDate "2018.??.??"]

1. e4 c5 2. Nf3 d6 3. d4 cxd4 4. Nxd4 Nf6 5. Nc3 g6 6. Be3 Bg7 7. f3 O-O 8. Qd2
Nc6 9. O-O-O d5 10. Nxc6 bxc6 11. exd5 Nxd5 12. Nxd5 cxd5 13. Qxd5 Qc7 14. Qc5
Qe5 15. Bd4 Qf4+ 16. Rd2 Be6 17. Qc3 Rac8 18. Qe3 Bh6 19. Qf2 Rfd8 20. Kd1 Bf5
21. Bc3 Rxd2+ 22. Qxd2 Qxd2+ 23. Bxd2 Rd8 24. Bd3 Bxd3 25. Bxh6 Bf1+ 26. Kc1
Bxg2 27. Re1 Bxf3 28. Bg5 f6 29. Bd2 Kf7 30. Bb4 e5 31. c4 e4 32. Kc2 f5 33.
Rf1 Ke6 34. Kc3 Bd1 35. Bc5 a5 36. Bd4 Be2 37. Rf2 Bd3 38. h4 Rb8 39. c5 a4 40.
b4 axb3 41. axb3 Kd5 42. b4 Ra8 43. Be3 Ra1 44. h5 Rf1 45. Rxf1 Bxf1 46. hxg6
hxg6 47. Bf4 Bb5 48. Kd2 Kc4 49. Ke3 Kxb4 50. Kd4 Bc6 51. Ke3 Kxc5 52. Bg5 Kd5
53. Bf4 Ke6 54. Bg5 Ke5 55. Bh6 Kf6 56. Kf4 Ke6 57. Bg5 Kd5 58. Ke3 Kc4 59. Bf4
Kc3 60. Bg5 Kc2 61. Bf4 Kd1 62. Bg5 Ke1 63. Bf4 Kf1 64. Bg5 Kg2 65. Bh6 Kg3 66.
Bf4+ Kg4 67. Bh2 g5 68. Bg1 f4+ 69. Ke2 Kh3 70. Kf2 e3+ 71. Ke2 Kg2 72. Bh2
Kxh2 73. Kf1 g4 74. Ke1 g3 75. Kf1 f3 76. Ke1 Ba4 77. Kf1 g2+
0-1

[Event "TV2 Fagernes International 2018"]
[Site "Scandic Hotel Fagernes"]
[Date "2018.03.25"]
[Round "3"]
[White "Kaunonen, Jouni"]
[Black "Ji, Jiabao Eivind"]
[Result "1-0"]
[WhiteElo "1647"]
[BlackElo "1192"]
[PlyCount "123"]
[EventDate "2018.??.??"]

1. d4 d5 2. c4 dxc4 3. Nc3 Nf6 4. e3 e6 5. Bxc4 Bb4 6. Nf3 O-O 7. O-O a6 8. a3
Ba5 9. b4 Bb6 10. Bb2 Ba7 11. Rc1 b5 12. Bd3 Bb7 13. Ng5 g6 14. Qc2 Nbd7 15.
Nce4 Nxe4 16. Nxe4 Bxe4 17. Bxe4 Rc8 18. Bb7 Rb8 19. Qxc7 Qxc7 20. Rxc7 Nf6 21.
Bxa6 Ra8 22. Bb7 Rab8 23. Bf3 Bb6 24. Rb7 Rxb7 25. Bxb7 Nd5 26. Rc1 Rb8 27.
Rc8+ Rxc8 28. Bxc8 Kf8 29. Bd7 Nc7 30. Bc6 Ke7 31. Kf1 Kd6 32. Bf3 Nd5 33. Ke2
f6 34. Kd3 e5 35. Bxd5 Kxd5 36. e4+ Ke6 37. d5+ Kd6 38. f3 f5 39. Kc3 Bd4+ 40.
Kb3 Bxb2 41. Kxb2 fxe4 42. fxe4 h6 43. Kb3 g5 44. a4 bxa4+ 45. Kxa4 h5 46. Ka5
Kc7 47. Ka6 g4 48. Ka7 Kd7 49. b5 Ke7 50. b6 Kf6 51. b7 Kg5 52. g3 h4 53. b8=Q
hxg3 54. hxg3 Kf6 55. Qd6+ Kg7 56. Qxe5+ Kf7 57. d6 Kg6 58. d7 Kf7 59. d8=R Kg6
60. Qe6+ Kg7 61. Rd7+ Kf8 62. Qf7#
1-0

[Event "TV2 Fagernes International 2018"]
[Site "Scandic Hotel Fagernes"]
[Date "2018.03.25"]
[Round "3"]
[White "Ji, Jiahao Eric"]
[Black "Hina, Ariza"]
[Result "0-1"]
[WhiteElo "1462"]
[BlackElo "1570"]
[PlyCount "58"]
[EventDate "2018.??.??"]

1. e4 e5 2. Nf3 Nc6 3. d4 exd4 4. Nxd4 Bc5 5. Be3 Qf6 6. Nb5 Bxe3 7. fxe3 Qxb2
8. N1c3 Qb4 9. Nxc7+ Kd8 10. Nxa8 Qxc3+ 11. Kf2 Nf6 12. Bd3 b6 13. Qb1 Qd2+ 14.
Kf1 Ng4 15. Be2 Nxe3+ 16. Kf2 Nd4 17. Qe1 Qxe1+ 18. Raxe1 Nexc2 19. Rc1 Bb7 20.
Bd3 Nb4 21. Ke3 Nbc6 22. Nxb6 axb6 23. Rb1 Kc7 24. Rb2 Rb8 25. e5 Ne6 26. Rc1
Nc5 27. Rcb1 Nxe5 28. Bf1 Bc6 29. h3 d6
0-1

[Event "TV2 Fagernes International 2018"]
[Site "Scandic Hotel Fagernes"]
[Date "2018.03.25"]
[Round "3"]
[White "Rynning, Rune Kleiven"]
[Black "Shehzad, Alina"]
[Result "1-0"]
[WhiteElo "1567"]
[BlackElo "1073"]
[PlyCount "101"]
[EventDate "2018.??.??"]

1. e4 e5 2. Nf3 Nc6 3. Bc4 Bc5 4. c3 Nf6 5. d3 d5 6. exd5 Nxd5 7. Bb5 Qe7 8.
Qe2 Bd6 9. Bxc6+ bxc6 10. O-O O-O 11. Re1 f6 12. d4 Re8 13. dxe5 fxe5 14. Bg5
Qe6 15. Nbd2 h6 16. Bh4 Nf6 17. Ne4 Nxe4 18. Qxe4 Bd7 19. c4 c5 20. Re2 Rab8
21. b3 Rb6 22. Rae1 a6 23. Bg3 Rbb8 24. Bxe5 Bxe5 25. Qxe5 Qxe5 26. Rxe5 Rxe5
27. Rxe5 Re8 28. Kf1 Rxe5 29. Nxe5 Be8 30. Ke2 Kf8 31. Nd3 Bc6 32. g3 Kf7 33.
Ne5+ Ke6 34. Nxc6 Kd6 35. Na5 Ke5 36. Nb7 Ke4 37. Nxc5+ Kf5 38. Nxa6 c6 39. c5
Kg6 40. Nb8 Kf7 41. Nxc6 Ke6 42. Nd4+ Kf7 43. c6 Ke7 44. Nb5 Kd8 45. a4 Kc8 46.
a5 Kb8 47. a6 g5 48. a7+ Ka8 49. c7 Kb7 50. a8=Q+ Kxa8 51. c8=Q#
1-0

[Event "TV2 Fagernes International 2018"]
[Site "Scandic Hotel Fagernes"]
[Date "2018.03.25"]
[Round "3"]
[White "Larre, Linnea"]
[Black "Selvik, Kjetil"]
[Result "1-0"]
[WhiteElo "1347"]
[BlackElo "1535"]
[PlyCount "79"]
[EventDate "2018.??.??"]

1. e4 e6 2. d4 d5 3. Nd2 c5 4. c3 Nc6 5. Ngf3 cxd4 6. cxd4 Bb4 7. exd5 exd5 8.
a3 Ba5 9. b4 Bc7 10. Be2 Nf6 11. O-O O-O 12. Nb3 Bg4 13. Re1 Re8 14. Bg5 Qd6
15. g3 Re7 16. Bf4 Qd8 17. Bxc7 Qxc7 18. Rc1 Qd6 19. Qd3 Rae8 20. b5 Nd8 21.
Ne5 Bxe2 22. Qxe2 Qxa3 23. Qd3 Qb4 24. Ra1 Ng4 25. h3 Nxe5 26. dxe5 Rxe5 27.
Rxe5 Rxe5 28. Rxa7 Re1+ 29. Kg2 Qe4+ 30. Qxe4 dxe4 31. Ra8 Rd1 32. Nc5 Kf8 33.
Nxe4 Ke7 34. Ra2 Rb1 35. Nc3 Rb3 36. Nd5+ Kd6 37. Rd2 Rxb5 38. Nc3+ Kc6 39.
Nxb5 Ne6 40. Nd4+
1-0

[Event "TV2 Fagernes International 2018"]
[Site "Scandic Hotel Fagernes"]
[Date "2018.03.25"]
[Round "3"]
[White "Selvik, Elma"]
[Black "Lie, Terje"]
[Result "1-0"]
[WhiteElo "1263"]
[BlackElo "1503"]
[PlyCount "73"]
[EventDate "2018.??.??"]

1. e4 d6 2. d4 Nf6 3. Nc3 g6 4. Nf3 Bg7 5. Bf4 Bg4 6. Be2 O-O 7. O-O Nc6 8. Qd2
Nd7 9. d5 Bxf3 10. Bxf3 Nce5 11. Be2 c5 12. Rad1 a6 13. a3 b5 14. b4 Qc7 15.
Rfe1 cxb4 16. axb4 Nc4 17. Bxc4 Qxc4 18. Ne2 Rfc8 19. Rc1 Bb2 20. Rb1 Be5 21.
Bxe5 Nxe5 22. Nd4 Qc3 23. Qxc3 Rxc3 24. f4 Ng4 25. Rb3 Rc4 26. c3 Nf6 27. Ra3
Kf8 28. Kf2 h5 29. Kf3 Nd7 30. Nxb5 Nb6 31. Nd4 Rcc8 32. Rea1 Ke8 33. Rxa6
Rxc3+ 34. Ke2 Rb8 35. Nc6 Rb7 36. Ra7 Rd7 37. Ra8+
1-0

[Event "TV2 Fagernes International 2018"]
[Site "Scandic Hotel Fagernes"]
[Date "2018.03.25"]
[Round "4"]
[White "Vitenberg, Noam Aviv"]
[Black "Mihajlov, Svetoslav"]
[Result "1/2-1/2"]
[WhiteElo "1975"]
[BlackElo "2197"]
[PlyCount "45"]
[EventDate "2018.??.??"]

1. d4 e6 2. c4 f5 3. Nf3 Nf6 4. g3 d5 5. Bg2 c6 6. O-O Bd6 7. Nc3 O-O 8. Bf4
Bxf4 9. gxf4 Bd7 10. Qb3 Qb6 11. Rfc1 Be8 12. Na4 Qxb3 13. axb3 Na6 14. Ne5 Bh5
15. e3 Rfd8 16. Bf1 Nc7 17. Nc5 Rdb8 18. Ned7 Nxd7 19. Nxd7 Rd8 20. Nc5 Rdb8
21. Nd7 Rd8 22. Nc5 Rdb8 23. Nd7
1/2-1/2